<?xml version="1.0" encoding="UTF-8"?>
<record
    xmlns:xsi="http://www.w3.org/2001/XMLSchema-instance"
    xsi:schemaLocation="http://www.loc.gov/MARC21/slim http://www.loc.gov/standards/marcxml/schema/MARC21slim.xsd"
    xmlns="http://www.loc.gov/MARC21/slim">

  <leader>01379nam a2200313 a 4500</leader>
  <controlfield tag="003">DO-SdBNP</controlfield>
  <controlfield tag="005">20221114084425.0</controlfield>
  <controlfield tag="007">ta</controlfield>
  <controlfield tag="008">221111e2021    dr aodcgre||| 001 0 spa d</controlfield>
  <datafield tag="020" ind1=" " ind2=" ">
    <subfield code="a">9789945098594 digital</subfield>
  </datafield>
  <datafield tag="020" ind1=" " ind2=" ">
    <subfield code="a">9789945098617 impreso</subfield>
  </datafield>
  <datafield tag="040" ind1=" " ind2=" ">
    <subfield code="a">DO-SdBNP</subfield>
    <subfield code="b">spa</subfield>
    <subfield code="c">BNPHU</subfield>
  </datafield>
  <datafield tag="082" ind1=" " ind2="4">
    <subfield code="2">22</subfield>
    <subfield code="b">I59a</subfield>
  </datafield>
  <datafield tag="110" ind1="2" ind2=" ">
    <subfield code="9">63429</subfield>
    <subfield code="a">Instituto Panamericano de Geograf&#xED;a e Historia (Rep&#xFA;blica Dominicana)</subfield>
  </datafield>
  <datafield tag="245" ind1="1" ind2="0">
    <subfield code="a">Atlas hist&#xF3;rico de America:</subfield>
    <subfield code="h">nuevas miradas en la huella del americano. /</subfield>
    <subfield code="c">Presentaci&#xF3;n, Fifliberto Cruz S&#xE1;nchez.</subfield>
  </datafield>
  <datafield tag="260" ind1=" " ind2=" ">
    <subfield code="a">[Santo Domingo] :</subfield>
    <subfield code="b">Vicerector&#xED;a de Extensi&#xF3;n de la Universidad Aut&#xF3;noma de Santo Domingo,</subfield>
    <subfield code="c">2021</subfield>
  </datafield>
  <datafield tag="300" ind1=" " ind2=" ">
    <subfield code="a">130 p. : </subfield>
    <subfield code="b">il,. mapas,</subfield>
    <subfield code="c">43 cm.</subfield>
  </datafield>
  <datafield tag="500" ind1=" " ind2=" ">
    <subfield code="a">La Biblioteca posee el volumen 2.</subfield>
  </datafield>
  <datafield tag="500" ind1=" " ind2=" ">
    <subfield code="a">Incluye bibliograf&#xED;a y referencias.</subfield>
  </datafield>
  <datafield tag="504" ind1=" " ind2=" ">
    <subfield code="a">Bibliograf&#xED;a: p. 28, 37, 56, 68, 89</subfield>
  </datafield>
  <datafield tag="505" ind1=" " ind2=" ">
    <subfield code="a">v. 2</subfield>
    <subfield code="g">&#xC9;poca Colonial:</subfield>
    <subfield code="t">Presentaci&#xF3;n.</subfield>
    <subfield code="t">1. Din&#xE1;mica Poblacional.--</subfield>
    <subfield code="t">2. Procesos Culturales.--</subfield>
    <subfield code="t">3. El Espacio Americano.--</subfield>
    <subfield code="t">Din&#xE1;micas Econ&#xF3;micas.--</subfield>
    <subfield code="t">Salvaci&#xF3;n de las Almas.</subfield>
  </datafield>
  <datafield tag="590" ind1=" " ind2=" ">
    <subfield code="a">Inventariado 2022 / MF</subfield>
  </datafield>
  <datafield tag="650" ind1=" " ind2="4">
    <subfield code="9">43593</subfield>
    <subfield code="a">Am&#xE9;rica</subfield>
    <subfield code="v">Historia</subfield>
  </datafield>
  <datafield tag="650" ind1=" " ind2="4">
    <subfield code="9">41261</subfield>
    <subfield code="a">Colonizaci&#xF3;n</subfield>
    <subfield code="x">Historia</subfield>
  </datafield>
  <datafield tag="700" ind1="2" ind2=" ">
    <subfield code="a">Cruz S&#xE1;nchez., Fifliberto </subfield>
    <subfield code="e">present.</subfield>
    <subfield code="9">82805</subfield>
  </datafield>
  <datafield tag="710" ind1="2" ind2=" ">
    <subfield code="9">55588</subfield>
    <subfield code="a">Universidad Aut&#xF3;noma de Santo Domingo,</subfield>
    <subfield code="b">Vicerector&#xED;a de Extensi&#xF3;n</subfield>
  </datafield>
  <datafield tag="910" ind1=" " ind2=" ">
    <subfield code="a">MFeliz</subfield>
  </datafield>
  <datafield tag="942" ind1=" " ind2=" ">
    <subfield code="2">ddc</subfield>
    <subfield code="c">LBS1</subfield>
  </datafield>
  <datafield tag="952" ind1=" " ind2=" ">
    <subfield code="0">0</subfield>
    <subfield code="1">0</subfield>
    <subfield code="2">ddc</subfield>
    <subfield code="5">1</subfield>
    <subfield code="7">0</subfield>
    <subfield code="8">PD</subfield>
    <subfield code="a">BNPHU</subfield>
    <subfield code="b">BNPHU</subfield>
    <subfield code="c">CT</subfield>
    <subfield code="d">2021-08-10</subfield>
    <subfield code="e">Dep&#xF3;sito legal / Filiberto Cruz</subfield>
    <subfield code="l">0</subfield>
    <subfield code="o">I59a</subfield>
    <subfield code="p">2022-5242</subfield>
    <subfield code="r">2022-11-11</subfield>
    <subfield code="w">2022-11-11</subfield>
    <subfield code="y">LBS1</subfield>
  </datafield>
  <datafield tag="999" ind1=" " ind2=" ">
    <subfield code="c">52897</subfield>
    <subfield code="d">52897</subfield>
  </datafield>
</record>
